| 000 | 00773nam a2200229 4500 | ||
|---|---|---|---|
| 001 | 32535 | ||
| 003 | AR-RoBPED | ||
| 005 | 20260410101555.0 | ||
| 008 | 260408s1971 es ||||er|||| 001 0 spa d | ||
| 040 | _aAR-RoBPED | ||
| 041 | _aspa | ||
| 100 | 1 |
_aAlas y Ureña, Leopoldo _d1852-1901 _96972 |
|
| 245 | 1 |
_aDoña Berta y otros relatos / _cLeopoldo Alas, "Clarín" ; prólogo de José Maria Martínez Cachero |
|
| 260 |
_aEspaña : _bSalvat, _c1971. |
||
| 300 | _a187 p. | ||
| 490 | 0 |
_a(Biblioteca Basica Salvat ; _vN° 72) |
|
| 650 | 4 |
_aLITERATURA ESPAÑOLA _9687 |
|
| 650 | 4 |
_aRELATOS _9495 |
|
| 700 |
_aMartínez Cachero, José María _d1924-2010 _930659 _eprolog. |
||
| 942 |
_2udc _ak. 32535 _cBK _h860-3 _mA 33 _ninv. 42323 |
||
| 945 | _amm 08/04/2026 - cd 10/04/2026 | ||
| 999 |
_c32535 _d32535 |
||